Principles and applications of tribology (Record no. 2705)

000 -LEADER
fixed length control field 00535nam a22002054a 4500
001 - CONTROL NUMBER
control field 2705
003 - CONTROL NUMBER IDENTIFIER
control field BD-DhUET
008 - FIXED-LENGTH DATA ELEMENTS--GENERAL INFORMATION
fixed length control field 980908s1999 nyua 001 0 eng
020 ## - INTERNATIONAL STANDARD BOOK NUMBER
International Standard Book Number 0471594075
040 ## - CATALOGING SOURCE
Original cataloging agency DLC
Transcribing agency DLC
Modifying agency BD-DhUET
082 00 - DEWEY DECIMAL CLASSIFICATION NUMBER
Classification number 621.89
Item number BHU/1999
100 1# - MAIN ENTRY--PERSONAL NAME
Personal name Bhushan, Bharat,
245 10 - TITLE STATEMENT
Title Principles and applications of tribology
Statement of responsibility, etc. by Bharat Bhushan
250 ## - EDITION STATEMENT
Edition statement Ist ed.
260 ## - PUBLICATION, DISTRIBUTION, ETC. (IMPRINT)
Place of publication, distribution, etc. New York
Name of publisher, distributor, etc. John Wiley,
Date of publication, distribution, etc. 1999
300 ## - PHYSICAL DESCRIPTION
Extent xix, 1020 p.
504 ## - BIBLIOGRAPHY, ETC. NOTE
Bibliography, etc Includes bibliographies.
650 #0 - SUBJECT ADDED ENTRY--TOPICAL TERM
Topical term or geographic name as entry element Tribology.
942 ## - ADDED ENTRY ELEMENTS (KOHA)
Koha item type General Book
Holdings
Koha issues (times borrowed) Koha date last seen Koha full call number Source of classification or shelving scheme Date acquired Not for loan Lost status Koha normalized classification for sorting Shelving location Withdrawn status Damaged status Sublocation or collection (holding branch) Piece designation (barcode) Copy number Koha date last borrowed Location (home branch) Koha item type Price effective from
 2014-09-29621.89/BHU/1999 2014-09-29  621_000000000000000_89BHU1999Circulation section  Central Library, BUET968791 Central Library, BUETGeneral Book2014-09-29
 2014-09-29621.89/BHU/1999 2014-09-29  621_000000000000000_89BHU1999Circulation section  Central Library, BUET978242 Central Library, BUETGeneral Book2014-09-29
12023-01-09621.89/BHU/1999 2015-04-26  621_890000000000000_BHU_1999Circulation section  Central Library, BUET9782332022-12-21Central Library, BUETGeneral Book2015-04-26
 2015-06-14621.89/BHU/1999 2015-06-14  621_890000000000000_BHU_1999Reading section  Central Library, BUET968784 Central Library, BUETReading Item2015-06-14
12023-01-24621.89/BHU/1999 2002-06-16  621_890000000000000_BHU_1999Circulation section  Central Library, BUET9688052023-01-09Central Library, BUETGeneral Book2017-11-04